书目信息 |
| 题名: |
考研数学历年真题精析·数学·3
|
|
| 作者: | 蔡子华 主编 | |
| 分册: | ||
| 出版信息: | 北京 原子能出版社 2007.04 |
|
| 页数: | 20.00页 | |
| 开本: | 26cm | |
| 丛书名: | ||
| 单 册: | ||
| 中图分类: | O13-44 | |
| 科图分类: | ||
| 主题词: | 高等数学 | |
| 电子资源: | ||
| ISBN: | 978-7-5022-3892-6 | |
| 000 | 00698 nam 000241 | |
| 001 | 0100006133 | |
| 005 | 20100507145113.73 | |
| 010 | @a978-7-5022-3892-6@dCNY20.00 | |
| 100 | @a20080805d2006 em y0chiy0121 ea | |
| 101 | @achi | |
| 102 | @aCN | |
| 105 | @ay z 000yy | |
| 106 | @ar | |
| 200 | 10 | @a考研数学历年真题精析·数学·3@9kao yan shu xue li nian zhen ti jing xi shu xue@f蔡子华主编@Fcai zi hua zhu bian |
| 210 | @a北京@c原子能出版社@d2007.04 | |
| 215 | @a20.00页@d26cm | |
| 540 | @a考研数学历年真题精析·数学·3 | |
| 606 | @a高等数学 | |
| 690 | @aO13-44@v4 | |
| 701 | 0 | @a蔡子华@9cai zi hua@4主编 |
| 801 | @aCN@c20100507 | |
| 901 | @a000010 | |
| 905 | @b683163-5@dO13-44@eC0714@f3 | |
| 考研数学历年真题精析·数学·3/蔡子华主编.-北京:原子能出版社,2007.04 |
| 20.00页;26cm |
| ISBN 978-7-5022-3892-6:CNY20.00 |
| ● |
| 相关链接 |
|
|
|
正题名:考研数学历年真题精析·数学·3
索取号:O13-44/C0714
 
预约/预借
| 序号 | 登录号 | 条形码 | 馆藏地/架位号 | 状态 | 备注 |
| 1 | 683163 | 206831632 | 自科库401/401自科库 108排7列5层/ [索取号:O13-44/C0714] | 在馆 | |
| 2 | 683164 | 206831641 | 自科库401/401自科库 108排7列5层/ [索取号:O13-44/C0714] | 在馆 | |
| 3 | 683165 | 206831650 | 自科库401/401自科库 108排7列5层/ [索取号:O13-44/C0714] | 在馆 |